Virus growth and variation : (Record no. 12359)
[ view plain ]
| 000 -LEADER | |
|---|---|
| fixed length control field | 01235cam a2200361I 4500 |
| 001 - CONTROL NUMBER | |
| control field | 12359 |
| 003 - CONTROL NUMBER IDENTIFIER | |
| rucl marc code | BD-RjUL |
| 005 - DATE AND TIME OF LATEST TRANSACTION | |
| control field | 20211208235259.0 |
| 008 - FIXED-LENGTH DATA ELEMENTS--GENERAL INFORMATION | |
| fixed length control field | 140128s1959 xx 000 0 eng d |
| 029 1# - (OCLC) | |
| OCLC library identifier | UKM |
| System control number | b5907716 |
| OCLC library identifier | NLGGC |
| System control number | 05084363X |
| OCLC library identifier | NLGGC |
| System control number | 200291386 |
| 035 ## - SYSTEM CONTROL NUMBER | |
| System control number | (BD-RjUL)12408 |
| System control number | (NNC)5796712 |
| 040 ## - CATALOGING SOURCE | |
| Original cataloging agency | MUB |
| Transcribing agency | MUB |
| Modifying agency | UKM |
| -- | MUQ |
| -- | AGL |
| -- | ZCU |
| -- | BD-RjUL |
| Language of cataloging | eng |
| 041 ## - LANGUAGE CODE | |
| Language code of text/sound track or separate title | eng |
| 070 0# - NATIONAL AGRICULTURAL LIBRARY CALL NUMBER | |
| Classification number | 448.2 |
| Item number | So13V |
| 072 #0 - SUBJECT CATEGORY CODE | |
| Subject category code | X300 |
| 082 04 - DEWEY DECIMAL CLASSIFICATION NUMBER | |
| Classification number | 576.64 |
| Edition number | 18 |
| Author mark and year | SOV 1959 |
| 090 ## - LOCALLY ASSIGNED LC-TYPE CALL NUMBER (OCLC); LOCAL CALL NUMBER (OCLC) | |
| Classification number (OCLC) (R) ; Classification number, CALL (RLIN) (NR) | QR1 |
| Local cutter number (OCLC) ; Book number/undivided call number, CALL (RLIN) | .S6233 no. 9 |
| 110 2# - MAIN ENTRY--CORPORATE NAME | |
| Corporate name or jurisdiction name as entry element | Society for General Microbiology. |
| 9 (RLIN) | 38398 |
| 245 10 - TITLE STATEMENT | |
| Title | Virus growth and variation : |
| Remainder of title | ninth symposium of the Society for General Microbiology held at the Senate House, University of London, April 1959 / |
| Statement of responsibility, etc. | Edited by A. Isaacs and B. W. Lacey |
| 260 ## - PUBLICATION, DISTRIBUTION, ETC. (IMPRINT) | |
| Place of publication, distribution, etc. | Cambridge [Eng.] : |
| Name of publisher, distributor, etc. | Published for the Society [by] the University Press, |
| Date of publication, distribution, etc. | c1959. |
| 300 ## - PHYSICAL DESCRIPTION | |
| Pagination | 272 p. : |
| Illustrations | illus. ; |
| Size | 24 cm. |
| 490 1# - SERIES STATEMENT | |
| Series statement | Its Symposia, |
| Volume/sequential designation | no. 9 |
| 504 ## - BIBLIOGRAPHY, ETC. NOTE | |
| Bibliography, etc | Includes bibliographies. |
| 650 #0 - SUBJECT ADDED ENTRY--TOPICAL TERM | |
| Topical term or geographic name as entry element | Viruses. |
| 9 (RLIN) | 38388 |
| Topical term or geographic name as entry element | Microbiologie. |
| 9 (RLIN) | 38389 |
| Topical term or geographic name as entry element | Virus. |
| 9 (RLIN) | 38390 |
| 700 1# - ADDED ENTRY--PERSONAL NAME | |
| Personal name | Isaacs, Alick, |
| Dates associated with a name | 1921-1967, |
| Relator term | editor. |
| Personal name | Lacey, B. W., |
| Relator term | editor. |
| 942 ## - ADDED ENTRY ELEMENTS (KOHA) | |
| Source of classification or shelving scheme | Dewey Decimal Classification |
| Koha item type | Books |
| Lost status | Source of classification or shelving scheme | Damaged status | Not for loan | Collection code | Permanent Location | Current Location | Shelving location | Date acquired | Source of acquisition | Cost, normal purchase price | Total Checkouts | Full call number | Date last seen | Copy number | Koha item type |
|---|---|---|---|---|---|---|---|---|---|---|---|---|---|---|---|
| Dewey Decimal Classification | Not For Loan | Non-fiction | Central Library, University of Rajshahi | Central Library, University of Rajshahi | Reading Room | 05/11/1969 | Swets + Zetlinger | 37.60 | 576.64 SOV 1959 | 28/01/2014 | C-1 | Books |